000
00243nam a2200097Ia 4500
082
_a
EF ROTE
245
0
_a
Old city hall
100
_a
ROTENBERG, Robert London, 2009
_9
81753
942
_c
BK
008
210817s9999 xx 000 0 und d
999
_c
387315
_d
387314